Cadernos de terapia ocupacional da UFSCar

Detalles Bibliográficos
Nuevo Título:Cadernos Brasileiros de Terapia Ocupacional (Online)
Autor Corporativo: Universidade Federal de São Carlos. Departamento de Terapia Ocupacional
Formato: Electrónico Revista
Lenguaje:portugués
inglés
español
Publicado: São Carlos, Brazil : Universidade Federal de São Carlos-UFSCar, Departamento de Terapia Ocupacional
Materias:
Acceso en línea:Full text available from Research Library: 01/01/2012 to present

MARC

LEADER 00000nas a2200000 i 4500
001 ssj0000858244
003 WaSeSS
005 20200512172242.0
006 m d
007 cr n
008 130319d19902017bl tr p s 0 0por c
010 |a  2014238803 
022 |a 2238-2860  |l 0104-4931 
035 |a (WaSeSS)ssj0000858244 
040 |a Nz  |b eng  |c Z5A  |d OCLCF  |d CUS  |d IUL  |d AU@  |d OCLCQ  |d CUS  |d OCLCQ  |d VT2  |d UAB  |d CUS  |d WaSeSS 
041 1 |a por  |a eng  |a spa  |b por  |b eng 
042 |a pcc 
050 1 4 |a RM735.A1  |b C33 
210 0 |a Cad. Ter. Ocup. UFSCar  |b (Online) 
222 0 |a Cadernos de Terapia Ocupacional da UFSCar  |b (Online) 
245 0 0 |a Cadernos de terapia ocupacional da UFSCar  |h [electronic resource]. 
246 1 |a CTO 
260 |a São Carlos, Brazil :  |b Universidade Federal de São Carlos-UFSCar, Departamento de Terapia Ocupacional 
310 |a 3 issues yearly,  |b 2009- 
321 |a Two issues yearly,  |b 1990-2008 
362 1 |a Began with Vol 1, no 1 (1990); ceased with v. 25, n. 1 (2017). 
506 |a License restrictions may limit access. 
515 |a No issues published 1994-1995 and 1999. 
546 |a Primarily in Portuguese, with limited articles in English or Spanish; abstracts in Portuguese and English. 
588 |a Description based on: Vol 1, no 1 (1990); title from pdf title page (Publisher's Web site, viewed May 1, 2017). 
588 |a Latest issue consulted: Vol. 25, n. 1 (2017) (viewed May 1, 2017). 
650 0 |a Occupational therapy  |v Periodicals. 
650 7 |a Occupational therapy.  |2 fast  |0 (OCoLC)fst01043273 
655 0 |a Electronic journals. 
710 2 |a Universidade Federal de São Carlos.  |b Departamento de Terapia Ocupacional. 
776 0 8 |i Print version:  |t Cadernos de terapia ocupacional da UFSCar  |x 0104-4931 
785 0 0 |t Cadernos Brasileiros de Terapia Ocupacional (Online)  |w (OCoLC)1005771602 
856 4 0 |z Full text available from Research Library: 01/01/2012 to present  |u https://search.proquest.com/publication/1156344